000 00878nam a2200241 i 4500
001 147332
003 ES-MaACL
005 20231219062535.0
007 t|
008 070927s1967 sp ||||1| spa d
080 _a087.5:82
080 _a821.134.2-32"19"
100 1 _aUnamuno, Miguel de,
_d1864-1936
_9111982
245 1 0 _aAmor y pedagogía ;
_bTres novelas ejemplares y un prólogo /
_cMiguel de Unamuno ; presentación de José Luis Abellán.
246 3 _aTres novelas ejemplares y un prólogo
260 _a[Madrid :
_bMagisterio Español,
_c1967]
300 _a334 p. ;
_c18 cm.
490 1 _aNovelas y cuentos. Literatura española. Novela siglo XX ;
_v5
700 1 _aAbellán, José Luis,
_d1933-2023
_9176509
830 1 _aNovelas y cuentos. Literatura española. Novela siglo XX ;
_v5
_9176512
852 _aES-MaACL
_jC-28380
999 _c147332
_d147332